000
00430nam a2200133Ia 4500
008
151001s9999||||xx |||||||||||||| ||und||
100
_a
सरोजिनी शारंगपाणी
245
_a
"गुन्हे,गुन्हेगार आणि शासन"
250
_a
1
260
_b
कल्पना प्रकाशन नांदेड
260
_c
1990
300
_a
368
365
_b
18
999
_c
967832
_d
967829